| 000 | 01054cam a22003013a 4500 | ||
|---|---|---|---|
| 001 | 30298 | ||
| 003 | PGUSA | ||
| 005 | 20140828083644.0 | ||
| 008 | 091020s2009||||xxu|||||s|||||000 1 eng d | ||
| 040 |
_aPGUSA _beng |
||
| 042 | _adc | ||
| 050 | 4 | _aPS | |
| 100 | 1 |
_aHough, Emerson, _d1857-1923 |
|
| 245 | 1 | 4 |
_aThe Magnificent Adventure : _bBeing the Story of the World's Greatest Exploration and the Romance of a Very Gallant Gentleman _h[electronic resource] / _cEmerson Hough |
| 260 |
_bProject Gutenberg, _c2009 |
||
| 506 | _aPublic domain in the USA. | ||
| 516 | _aElectronic text | ||
| 653 | _aLewis and Clark Expedition (1804-1806) -- Fiction | ||
| 653 | _aExplorers -- Fiction | ||
| 653 | _aDiscoveries in geography -- Fiction | ||
| 653 | _aBiographical fiction | ||
| 653 | _aWest (U.S.) -- History -- To 1848 -- Fiction | ||
| 653 | _aLewis, Meriwether, 1774-1809 -- Fiction | ||
| 700 | 1 |
_aKeller, Arthur Ignatius, _d1866-1924 |
|
| 830 | 0 |
_aProject Gutenberg _v30298 |
|
| 856 | 4 | 0 | _uhttp://www.gutenberg.org/ebooks/30298 |
| 942 | _cEB | ||
| 999 |
_c259553 _d259553 |
||